Did you miss me? (Record no. 31270)

MARC details
000 -LEADER
fixed length control field 01144nam a2200289 a 4500
008 - FIXED-LENGTH DATA ELEMENTS--GENERAL INFORMATION
fixed length control field 160926s2012 ||||||||||||||||| || u
010 ## - LIBRARY OF CONGRESS CONTROL NUMBER
LC control number 2014656169
020 ## - INTERNATIONAL STANDARD BOOK NUMBER
International Standard Book Number 9780451414090 (pbk.)
020 ## - INTERNATIONAL STANDARD BOOK NUMBER
International Standard Book Number 0451467485 (pbk.)
020 ## - INTERNATIONAL STANDARD BOOK NUMBER
International Standard Book Number 0451414098 (pbk.)
020 ## - INTERNATIONAL STANDARD BOOK NUMBER
International Standard Book Number 9780451467485 (pbk.)
050 ## - LIBRARY OF CONGRESS CALL NUMBER
Classification number PS 3618.O7844D5
100 ## - MAIN ENTRY--PERSONAL NAME
Personal name Rose, Karen
245 10 - TITLE STATEMENT
Title Did you miss me?
Statement of responsibility, etc. Karen Rose.
260 ## - PUBLICATION, DISTRIBUTION, ETC.
Place of publication, distribution, etc. New York
Name of publisher, distributor, etc. Signet
Date of publication, distribution, etc. 2012
260 ## - PUBLICATION, DISTRIBUTION, ETC.
Place of publication, distribution, etc. New York
Name of publisher, distributor, etc. Headline
Date of publication, distribution, etc. 2012
300 ## - PHYSICAL DESCRIPTION
Extent 530 p.
490 ## -
-- A Signet book
500 ## - GENERAL NOTE
General note Originally published: London : Headline, 2012.
520 ## -
-- When her son is kidnapped, Baltimore prosecutor Daphne Montgomery, with the help of FBI special agent Joseph Carter, must unlock a dreadful secret about her past in order to save his life.
650 #0 - SUBJECT ADDED ENTRY--TOPICAL TERM
Topical term or geographic name entry element BALTIMORE (MD)- FICTION
650 #0 - SUBJECT ADDED ENTRY--TOPICAL TERM
Topical term or geographic name entry element Kidnapping - Fiction
650 #0 - SUBJECT ADDED ENTRY--TOPICAL TERM
Topical term or geographic name entry element Secrets - Fiction
710 ## - ADDED ENTRY--CORPORATE NAME
Corporate name or jurisdiction name as entry element Copyright Paperback Collection (Library of Congress)
995 ## -
-- FICTION Collection
-- 746893
-- CBU-SCHOOL OF MEDICINE LIBRARY (Ndola)
-- PS 3618.O7844D5
-- 1
-- AVAILABLE
-- Sep 26, 2016
-- 746893
-- Fiction Collection
999 ## -
-- 31270
-- 31270
Holdings
Withdrawn status Lost status Source of classification or shelving scheme Damaged status Not for loan Permanent Location Current Location Shelving location Date acquired Total Checkouts Full call number Barcode Date last seen Price effective from Koha item type
          CBU-SCHOOL OF MEDICINE LIBRARY, NDOLA. CBU-SCHOOL OF MEDICINE LIBRARY, NDOLA.   11/30/2022   PS 3618.O7844D5 746893 11/30/2022 11/30/2022 MONOGRAPH